00379pab a2200133 454500008004000000100001900040245005000059260000900109300001300118362001000131650004200141650002800183773003400211180718b2012 xxu||||| |||| 00| 0 eng d aPant, Pushpesh aDream turning into a nightmare in Uttarakhand c2012 ap.18-21. a7 Apr aUttarakhand - Politics and government aPolitics and government aEconomic and Political Weekly